All Post Malone Songs - Statistics

General Stats
  • This quiz has been taken 21 times
    19 since last reset
  • The average score is 46 of 127
Answer Stats
August 26th % Correct
5. F**k
83%
1. Hollywood's Bleeding
75%
3. I Had Some Help
75%
6. rockstar
75%
6. White Iverson
75%
17. Wow.
75%
6. Circles
67%
12. Congratulations
67%
10. Feel
67%
18. Feeling Whitney
67%
9. Take What You Want
67%
5. I Like You (A Happier Song)
58%
3. Lemon Tree
58%
Motley Crew
58%
8. Psycho
58%
12. Sunflower
58%
4. Wrapped Around Your Finger
58%
9. Better Now
50%
1. Broken Whiskey Glass
50%
17. Candy Paint
50%
3. Chemical
50%
9. Go Flex
50%
14. Goodbyes
50%
16. Green Thumb
50%
10. Losers
50%
8. Love/Hate Letter to Alcohol
50%
17. M-E-X-I-C-O
50%
2. | 17. Money Made Me Do It
50%
1. Paranoid
50%
1. Reputation
50%
2. Saint-Tropez
50%
11. Staring at the Sun
50%
12. Stay
50%
18. Sugar Wraith
50%
18. Yours
50%
2. Cooped Up
42%
7. Die for Me
42%
3. Enemies
42%
7. I Fall Apart
42%
16. I Know
42%
7. Over Now
42%
4. Pour Me a Drink
42%
7. Sign Me Up
42%
13. Texas Tea
42%
1. Wrong Ones
42%
4. Allergic
33%
5. A Thousand Bad Times
33%
10. Ball for Me
33%
2. Big Lie
33%
13. Blame it on Me
33%
20. Dead at the Honky Tonk
33%
3. Deja Vu
33%
1. Don't Understand
33%
12. Enough is Enough
33%
2. Finer Things
33%
11. Hold My Breath
33%
6. I Cannot Be (A Sadder Song)
33%
7. Insane
33%
17. Laugh It Off
33%
13. Missin' You Like This
33%
5. Mourning
33%
15. Myself
33%
12. Never Love You Again
33%
9. Nosedive
33%
4. Novacandy
33%
8. On the Road
33%
11. Otherside
33%
8. Socialite
33%
2. Something Real
33%
13. Up There
33%
9. Wasting Angels
33%
6. What Don't Belong to Me
33%
16. 92 Explorer
25%
14. Buyer Beware
25%
5. Cold
25%
11. Devil I've Been
25%
10. Euthanasia
25%
4. God Damn
25%
8. Guy for That
25%
23. Hey Mercedes
25%
15. Hide My Gun
25%
8. Hollywood Dreams / Comedown
25%
10. I'm Gonna Be
25%
13. Internet
25%
15. Landmine
25%
7. Monte
25%
14. New Recording 12,Jan 3, 2020
25%
4. No Option
25%
10. Oh God
25%
13. One Right Now
25%
9. Overdrive
25%
8. Patient
25%
3. Rich and Sad
25%
16. Right About You
25%
14. Same B****es
25%
10. Speedometer
25%
2. Spoil My Night
25%
5. Takin' Shots
25%
6. Too Cool to Die
25%
11. Too Young
25%
15. Waiting For Never
25%
11. When I'm Alone
25%
26. Who Needs You
25%
14. Your's Truly, Austin Post
25%
4. Zack and Codeine
25%
6. 40 Funk
17%
27. Back to Texas
17%
14. California Sober
17%
19. Fallin' in Love
17%
3. Git Wit U
17%
7. Goes Without Saying
17%
24. Go to Hell
17%
16. Hateful
17%
5. Have the Heart
17%
16. Hit This Hard
17%
15. Jonestown
17%
18. Joy
17%
21. Killed a Man
17%
15. Leave
17%
9. Lonely
17%
1. Never Understand
17%
25. Two Hearts
17%
12. Waiting For A Miracle
17%
22. Ain't How It Ends
8%
Dial Drunk
8%
Only Wanna Be With You
8%
No matching quizzes found
Score Distribution
Percent of People with Each Score
Percentile by Number Answered
Your Score History
You have not taken this quiz since the last reset